[Event "Pamplona 9798 8th"]
[Site "Pamplona"]
[Date "1997.12.28"]
[Round "1"]
[White "Granda Zuniga, Julio E"]
[Black "Andersson, Ulf"]
[Result "0-1"]
[WhiteElo "2625"]
[BlackElo "2640"]
[Annotator "Ribli,Z"]
[PlyCount "110"]
[EventDate "1997.12.28"]
[EventType "tourn"]
[EventRounds "9"]
[EventCountry "ESP"]
[EventCategory "13"]
[SourceTitle "CBM 063"]
[Source "ChessBase"]
[SourceDate "1998.03.26"]
[SourceVersion "1"]
[SourceVersionDate "1998.03.26"]
[SourceQuality "1"]

1. c4 c5 2. Nc3 g6 3. g3 Bg7 4. Bg2 Nc6 {Meiner Meinung nach bietet diese
symmetrische Stellung Schwarz ausgezeichnete Ausgleichschancen. Ribli.} 5. a3
b6 $5 {Statt der Partiefortsetzung kann Schwarz auch mit 5...a6 fortsetzen und
die Symmetrie aufrecht halten. Auch dann ist es schwer für Weiß, aus seinem
Mehrtempo Kapital zu schlagen.} 6. d3 (6. b4 {Das ist die andere Hauptvariante
für Weiß, die zu lebendigem Spiel führt.} Bb7 (6... cxb4 7. axb4 Bb7 8. Rb1 (8.
b5 Na5 9. Bxb7 Nxb7 10. Ra3 e6 11. d3 Ne7 12. Nf3 d5 13. cxd5 Nxd5 14. Bd2 O-O
15. O-O Qd7 {1/2-1/2 Shurygin,S-Veselovsky,S/Frydek-Mistek opA 1997}) (8. Bb2
Qc8 9. Nf3 Nxb4 10. Qb3 Na6 11. Nd5 f6 12. O-O Nh6 13. Nd4 Nc5 14. Qa3 Kf7 15.
Nb5 Qd8 16. d4 Ne6 17. Nxa7 Nf5 {Krivonogov-Zakharov,V/Moscow-ch op 1995/0-1 
(60)}) 8... Qc8 9. Nd5 e6 10. Ne3 Ne5 11. Bb2 Bxg2 12. Nxg2 Qc6 13. Bxe5 Bxe5
14. Nf3 Bg7 15. Ne3 Ne7 (15... b5 $5) 16. b5 Qc7 17. O-O O-O 18. Rb4 $14 {
+/= Seirawan,Y-Sax,G/Haninge 1990}) 7. bxc5 Bxc3 8. dxc3 bxc5 9. Rb1 Rb8 10.
Bf4 e5 11. Be3 Na5 12. Bxb7 Rxb7 13. Nf3 Qc7 14. O-O Rxb1 15. Qxb1 Nxc4 16. Qb5
Nxe3 17. fxe3 Nf6 18. Nd2 Ke7 19. Qc4 h6 20. Qh4 g5 21. Qh3 Qd6 $13 {~~
Gurevich,M-Dlugy,M/Wijk aan Zee 1990}) 6... Bb7 (6... e6 7. e4 Nge7 8. Nge2 O-O
9. O-O Bb7 10. Bg5 h6 11. Be3 Nd4 12. Rb1 d6 13. Qd2 Kh7 14. b4 Qd7 15. f4 f5 {
1/2-1/2 Alaan,V-Adorjan,A/Manila op 1991 (23)}) 7. Bd2 (7. Bg5 Qc8 8. e4 Nf6 9.
Nge2 d6 10. Rb1 O-O 11. Qd2 e6 12. Rd1 Re8 13. Nb5 Qd8 14. Qf4 Nh5 15. Qh4 f6
16. Be3 Bh8 17. g4 Ng7 18. f4 a6 19. Nbc3 f5 {Gurevich,M-Psakhis,L/Moscow
GMA-qual f 1990/0-1 (59)}) (7. e4 e6 8. Nge2 Nge7 9. O-O O-O 10. Rb1 d6 11. Be3
Nd4 12. Qd2 Qd7 13. b4 Rfe8 14. Rfc1 Nec6 15. Bxd4 Nxd4 16. Nxd4 cxd4 17. Ne2
Rac8 18. b5 Rc7 19. a4 h5 20. a5 d5 {0-1 Zueger,B-Adorjan,A/Thessaloniki olm
1984 (40)}) 7... d6 (7... e6 8. b4 d6 9. Rb1 Qd7 10. bxc5 dxc5 11. Nh3 Nge7 12.
O-O O-O 13. Ne4 f5 14. Nc3 Nd4 15. f3 h6 $13 {1-0 Miezis,N-Doennebrink,E/
NRW-Liga I 1996 (37)}) 8. b4 Qd7 $11 {Schwarz hat eine solide Stellung
erreicht. Beide Läufer sind auf den großen Diagonalen postiert.} 9. Qa4 $6 {
Dieser scheinaktive Zug gefällt mir nicht. In späteren Varianten wird sich
zeigen, daß die Dame auf a4 unglücklich steht.} (9. Rb1 Nf6 10. Nf3 O-O (10...
Nd4 11. e3 Nxf3+ 12. Bxf3 Bxf3 13. Qxf3 O-O 14. O-O $11) 11. O-O $11) 9... Nf6
10. Nh3 {Wenn Weiß sich dazu gezwungen sieht, seinen Springer so zu entwickeln,
heißt das, daß er schon Probleme hat.} (10. Nf3 Nd4 11. Qxd7+ Nxd7 $15 (11...
Kxd7 $15 12. Ne5+ dxe5 13. Bxb7 Nc2+ $19) 12. O-O $5 Nxf3+ 13. Bxf3 Bxf3 14.
exf3 Ne5 $17 {[%cal Re5d3,Re5f3]}) 10... O-O 11. O-O Rfd8 {Die schwarzen
Figuren wirken harmonisch zusammen, während die weiße Figurenkoordination
schlecht ist - besonders Qa4 und der Nh3 stehen im Abseits.} 12. Rab1 e6 13.
Nf4 {Weiß möchte die Stellung seines Springers verbessern, aber auch auf f4
ist der Springer nicht glücklich postiert.} (13. bxc5 dxc5 $15 (13... bxc5 $6
14. Rxb7 Qxb7 15. Bxc6 $18)) 13... h6 14. Rfc1 (14. e3 g5 15. Nfe2 Ne5 {
[%csl Rd3,Rf3][%cal Re5d3,Re5f3]} 16. Qxd7 (16. Qc2 Nf3+ $15 (16... Bxg2 17.
Kxg2 Qb7+ $15)) 16... Rxd7 17. Bxb7 Rxb7 {[%csl Rd3]} 18. d4 (18. Nc1 Nf3+ $19)
18... Nxc4 $17) 14... g5 15. Nh3 {Weiß hat zwei Tempi mit 13.Nf4 und 15,Nh3
verloren, aber in geschlossenen Stellungen zählen Tempi nicht so sehr. Zudem
ist die schwarze Königsstellung ein wenig geschwächt.} cxb4 16. axb4 d5 $15 {
Es versteht sich von selbst, daß Schwarz nun die Führung übernimmt. Weiß muß
seine Verteidigung organisieren.} 17. cxd5 (17. b5 Ne5 $15) 17... Nxd5 18. Nxd5
exd5 {[%csl Ra4,Rh3] Die Schwächung des schwarzen Königsflügels hat keine
Bedeutung, weil die weißen Figuren zu passiv stehen.} 19. f4 $5 {[%cal Gh3f2]
Es ist verständlich, daß Weiß die Stellung seines Springers verbessern möchte.}
(19. b5 Nd4 $15) 19... Nd4 20. Qxd7 (20. Qd1 g4 $5 (20... Qg4 21. e3 $11 Ne2+
$4 22. Kf2 $18 {[%cal Rd1g4]}) (20... Qe6 21. e3 Nf5 22. Qg4 $14) 21. Nf2 h5
$15) 20... Rxd7 21. Kf1 g4 22. Nf2 h5 {Schwarz verfügt über Raumvorteil und
Initiative am Königsflügel.} 23. e3 (23. h3 Nf5 24. hxg4 Nxg3+ 25. Ke1 Re8 {
[%csl Re1][%cal Re8e1]} 26. e3 (26. Bf3 d4 27. Bxb7 Rxe2+ 28. Kd1 Rxf2 $17 (
28... Rxb7 29. Ne4 Rg2 $15)) 26... d4 27. e4 (27. Bxb7 dxe3 28. Bc6 exd2+ 29.
Kxd2 Re2+ 30. Kd1 Rd4 $17) 27... hxg4 28. Nxg4 f5 29. Kf2 (29. Nf2 fxe4 $17)
29... Nxe4+ (29... Nh5 30. Rh1 Nxf4 31. Bxf4 fxg4 32. Kg3 $13) 30. dxe4 fxg4
$17) 23... Nf5 24. b5 Re8 {[%cal Re8e3]} 25. Nd1 h4 26. Kf2 hxg3+ 27. hxg3 Rde7
{[%csl Re3] Schwarz übt starken positionellen Druck auf der e-Linie aus.} 28.
Rc2 Bf6 {Schwarz hat eine aktive Stellung, aber es ist nicht leicht, die
richtige Forsetzung zu finden. Der Pe3 ist ausreichend gedeckt.} 29. Rb4 $13
Nd6 (29... d4 $2 30. e4 $14 {Und nun besitzt Weiß eine starke Bauernmasse im
Zentrum.}) 30. Rc6 $6 {Weiß opfert eine Qualität und spielt scharf auf Gewinn.
Ich bin jedoch nicht davon überzeugt, daß dieses Opfer korrekt ist.} (30. Bc3
Rc8 31. Rb3 Rec7 32. Ke2 Nf5 33. Kf2 d4 $15) 30... Bxc6 31. bxc6 d4 32. e4 {
Weiß hat etwas Initiative für die Qualität, aber es fehlen ihm konkrete
Drohungen.} Bg7 33. e5 {[%csl Gc6,Gg2][%cal Gg2c6]} Bxe5 $1 {Schwarz opfert
eine Figur für zwei Bauern. Danach stehen seine Türme in der Tat aktiv auf der
e-Linie.} 34. fxe5 Rxe5 {[%csl Rf2][%cal Re8e2]} 35. Rb2 Re2+ 36. Kf1 (36. Kg1
Nf5 $36 (36... Re1+ 37. Bxe1 Rxe1+ 38. Kf2 Rxd1 39. Rc2 Rxd3 40. c7 Kg7 $17 (
40... Rc3 41. Rxc3 dxc3 42. Ke3 b5 43. Bb7 b4))) 36... Nf5 37. c7 Nxg3+ 38. Kg1
Rc8 39. Rc2 {[%cal Rg2b7]} Rxc7 $1 {Nach diesem Opfer hat Schwarz vier Bauern
für eine Figur und einen aktiven Turm und Springer.} 40. Rxc7 Rxd2 $17 {
[%csl Rd1,Gd2,Rg2]} 41. Nf2 Ne2+ 42. Kf1 (42. Kh1 g3 (42... Nf4 43. Nxg4 Nxg2)
43. Ne4 Rd1+ $19) 42... Nf4 {[%csl Rf1]} 43. Nxg4 {Weiß bleibt nichts anderes
übrig, er muß seine Figur zurückgeben.} (43. Ke1 Re2+ 44. Kf1 g3 $19) 43...
Nxg2 44. Rxa7 {Schwarz hat zwei Bauern mehr, sieht sich aber noch vor kleinen
technischen Problemen, weil seine Bauern nicht zusammenhängen.} Ne3+ 45. Ke1 (
45. Nxe3 dxe3 $19) 45... Rxd3 46. Ne5 {[%cal Re5d3,Re5f7]} Rc3 {Schwarz gibt
seinen Pf7 auf, stärkt dadurch aber seinen d-Bauern.} (46... Rd1+ 47. Ke2 f6
48. Ng4) 47. Nxf7 Nc4 48. Ng5 Re3+ 49. Kf2 (49. Kd1 d3 {[%csl Gc4,Gd3,Ge3]} 50.
Rc7 Nb2+ 51. Kc1 (51. Kd2 Re2+ 52. Kc1 d2+ $19) 51... Re1+ 52. Kxb2 d2 $19)
49... d3 $19 50. Rd7 Re2+ 51. Kg3 (51. Kf3 Ne5+ $19) (51. Kf1 Ne3+ 52. Kg1 d2
$19 (52... Rg2+ $19)) 51... d2 52. Nf3 Kf8 (52... Re1 $2 53. Rxd2 (53. Nxd2 Rd1
54. Nxc4 Rxd7 55. Nxb6 Rd4 56. Kf3 $11) 53... Nxd2 54. Nxe1 $11) 53. Rd4 Ke7 {
Das Eingreifen des schwarzen Königs beendet den Kampf.} 54. Kf4 Rg2 (54... b5
$19) 55. Rd5 Ke6 {Und Weiß gab in hoffnungsloser Stellung auf.Ribli.} 0-1

[Event "Gistrup"]
[Site "Gistrup"]
[Date "1996.??.??"]
[Round "9"]
[White "Rasmussen, Karsten"]
[Black "Filippov, Valerij"]
[Result "0-1"]
[WhiteElo "2435"]
[BlackElo "2565"]
[Annotator "Ribli,Z"]
[PlyCount "82"]
[EventDate "1996.07.15"]
[EventType "tourn"]
[EventRounds "9"]
[EventCountry "DEN"]
[EventCategory "10"]
[SourceTitle "CBM 055"]
[Source "ChessBase"]
[SourceDate "1996.12.01"]
[SourceVersion "1"]
[SourceVersionDate "1996.12.01"]
[SourceQuality "1"]

1. c4 {Kanstler} c5 2. g3 Nc6 3. Bg2 g6 4. Nc3 Bg7 5. a3 e6 6. b4 (6. Nh3 Nge7
(6... h5 $5) 7. Nf4 a5 8. O-O O-O 9. d3 b6 10. Bd2 Rb8 11. Rb1 d6 {
Rivas-Judasin,1994/95 Pamplona, Rivas Pastor,M-Yudasin,L/Pamplona/1994/0,5/26/}
) (6. Rb1 $6) 6... Nxb4 (6... d6 {Kanstler} 7. Bb2 Nge7 8. bxc5 dxc5 9. Nf3 O-O
10. O-O e5 $13 {Botvinnik,I-Tratatovici,M/ISR/1996/}) 7. axb4 cxb4 {[#]} 8. Nf3
{Ribli.Der Springer steht nicht besonders gut auf f3.} (8. Nb5 $6 Bxa1 9. Qa4
Bf6 $1 (9... Be5 $6 10. Nf3 Bb8 11. Bb2 f6 12. h4 a5 13. h5 $44 {Hodgson,
J-Gulko,B/Groningen/1994/CBM45/}) 10. d4 a6 $15 {Lobron,E-Kavalek,L/Bochum/
1981.}) (8. d4 $1 bxc3 9. e3 Ne7 10. Ne2 $1 d5 11. cxd5 $5 (11. Nxc3 dxc4 12.
O-O O-O 13. Ba3 {Gurevich,M-Yudasin,L/Haifa/1995/0:1/46/} a6 (13... Rb8 $5 14.
Qa4 Bd7 15. Qxa7 Nc6 16. Bxc6 Bxc6 17. Bxf8 Qxf8 $44 {Yudasin}) 14. Qe2 $44 {
Gurevich,M-Yudasin,L/Haifa/1995/CBM46/}) 11... Nxd5 12. Ba3 Bf8 13. Bxf8 $44 {
Krasenkov,M-Brynell,S/Copenhagen PC/CBM54/1996/.}) 8... bxc3 9. d4 Ne7 10. O-O
(10. Qc2 d5 11. Qxc3 Qc7 12. c5 O-O $15) (10. Ba3 O-O 11. Bd6 a5 12. Qb3 Ra6
13. Qa3 Re8 14. e4 b6 15. Qxc3 Bb7 16. e5 Nf5 17. Ba3 Qa8 18. Rd1 Rc8 19. O-O
b5 $17 {Shvidler,E-Gurevich,D/Beersheba/1987/CBM05/}) (10. Qb3 $5 {Kanstler}
O-O 11. Qxc3 $44) 10... O-O 11. Ba3 (11. Qc2 Qc7 12. Qxc3 d5 13. c5 b6 14. Ba3
Ba6) 11... Re8 (11... d5) (11... d6 12. Qc2 e5 13. dxe5 dxe5 14. Rfd1 $44) 12.
Qb3 d5 13. Rfb1 $6 (13. Qxc3 Nf5) (13. Qxc3 $5 {Kanstler}) 13... Nc6 14. Qxc3 (
14. Bc5 $2 Na5 15. Qxc3 b6 $19) 14... e5 (14... dxc4 15. e3 e5 (15... Na5 16.
Nd2 e5) 16. dxe5 Nxe5 17. Nd4 Qc7) 15. cxd5 Nxd4 16. Nxd4 exd4 17. Qc4 {
Ribli. Wir haben eine fuer die Gruenfeldindische Verteidigung typische
Stellung auf dem Brett. Aber Schwarz hat hier einen Bauern mehr.} Bg4 (17... d3
$2 {Kanstler} 18. Qxd3 Bxa1 19. Rxa1 $36) 18. Rxb7 (18. Ra2 Rc8) (18. f3 $6 Bf5
19. Rxb7 d3 $17) 18... Bxe2 19. Qb3 (19. Qc6 d3) 19... Rb8 (19... d3 $6 {
Kanstler} 20. d6 $1 $132 Rf8 21. Bd5 Qf6 (21... Bxa1 $2 22. Bxf7+ Kh8 (22...
Kg7 23. Be8+ $18) 23. Bb2+ $18)) 20. d6 (20. Bc5 Bc4 (20... Rxb7 21. Qxb7 a6
$17) 21. Rxb8 Bxb3 22. Rxd8 Rxd8 23. Rxa7 d3) 20... Rxb7 21. Qxb7 d3 {Ribli.
Interessant, dass beide Spieler einen d-Freibauern haben. Aber Schwarz hat
noch einen gut installierten Laeufer auf e2.} 22. Bd5 Rf8 (22... Bxa1 $2 23.
Bxf7+ Kh8 (23... Kg7 $8 {Kanstler} 24. Bxe8+ $16) (23... Kf8 24. Bb3 $1 $16)
24. Bb2+ Re5 25. Bxa1 (25. Bxa1 Qf6 (25... Qxd6 26. Qe4 $18) 26. Qe4 $1 d2 27.
Qxe2 $18)) 23. Ra2 Bd4 $17 24. Qe7 (24. d7 Qf6 $19) 24... Qb6 25. Kg2 (25. Rxe2
dxe2 26. Qxe2 Rd8 27. Qe7 Bxf2+ 28. Kg2 Bd4 $17) 25... Qb1 26. Rxe2 $8 dxe2 27.
Qxe2 Qf5 $19 28. Qf3 Qxf3+ 29. Kxf3 Rd8 30. Bc6 f5 31. d7 Kf7 32. Bd6 Ke6 (
32... Bb6 $5 $17 {Kanstler}) 33. Bc7 Rxd7 {Ribli.Am einfachsten.Der ernfernte
Freibauer sichert den vollen Punkt fuer Schwarz.} 34. Bxd7+ Kxd7 35. Ba5 Ke6
36. h4 Bb6 37. Bc3 a5 38. g4 a4 39. h5 fxg4+ 40. Kxg4 Bxf2 41. Bb4 Kd5 {Ribli}
(41... Kd5 {Kanstler} 42. hxg6 hxg6 43. Kg5 Bc5 44. Bc3 a3 45. Kxg6 Bd4 $19)
0-1

[Event "FIDE-Wch k.o."]
[Site "Groningen"]
[Date "1997.12.10"]
[Round "1.3"]
[White "Seirawan, Yasser"]
[Black "Anastasian, Ashot"]
[Result "1-0"]
[WhiteElo "2630"]
[BlackElo "2545"]
[Annotator "Ribli,Z"]
[PlyCount "99"]
[EventDate "1997.12.09"]
[EventType "k.o."]
[EventRounds "7"]
[EventCountry "NED"]
[SourceTitle "CBM 063"]
[Source "ChessBase"]
[SourceDate "1998.03.26"]
[SourceVersion "1"]
[SourceVersionDate "1998.03.26"]
[SourceQuality "1"]

1. c4 c5 2. g3 g6 3. Bg2 Bg7 4. Nc3 Nc6 5. e4 {Mit diesem seltenen Zug gibt
Weiß gibt das Feld d4 auf, verstärkt aber die Kontrolle über den Punkt d5.
Ribli.} e5 (5... e6 $5) 6. Nge2 Nge7 7. a3 (7. d3 d6 (7... O-O 8. O-O d6 9. a3
Rb8 10. Rb1 a6 11. b4 cxb4 12. axb4 b5 13. cxb5 axb5 14. Bg5 Be6 15. Nd5 f6 16.
Be3 Bf7 17. d4 f5 18. dxe5 Nxd5 19. exd5 Nxe5 20. Nd4 Qf6 21. Nb3 {1-0
Tonsingh,O-Santamaria,V/Luzern olm 1982 (36)}) 8. Be3 Nd4 9. O-O O-O 10. Qd2 a6
11. Bh6 Rb8 12. Bxg7 Kxg7 13. Nxd4 cxd4 14. Ne2 b5 15. b4 Qb6 16. a3 bxc4 17.
dxc4 Be6 18. Rfc1 Rfc8 19. Qd3 Rc6 {0-1 Fuller,M-Jamieson,R/Melbourne 1975 (42)
}) 7... d6 $6 (7... a6 8. Rb1 Rb8 9. b4 cxb4 10. axb4 b5 11. cxb5 axb5 $11) 8.
Rb1 a5 {In dieser Stellung sind die Schwächen der Felder d4 und d5
beiderseitig, aber Schwarz hat jetzt eine zusätzliche Schwäche auf b5.} 9. O-O
O-O 10. d3 Rb8 11. Be3 {In dieser symmetrischen Stellung hat Weiß leichten
Vorteil wegen der Schwäche auf b5 und des Mehrtempos} Bd7 (11... Be6 $5) 12.
Qd2 Nd4 13. b4 $14 {Weiß hat freie Hand am Damenflügel. Es droht noch nichts
Konkretes, aber Schwarz hat kein aktives Gegenspiel.} axb4 14. axb4 b6 (14...
b5 15. bxc5 dxc5 16. cxb5 Nxb5 17. Bxc5 $16) 15. b5 {Weiß hat Raumvorteil am
Damenflügel und der Bauer d6 ist eine potentielle Schwäche im Endspiel.} Ra8
16. Qb2 {Weiß möchte mit späterem Ra1 die a-Linie besetzen.} (16. Ra1 $2 Nb3
$17) 16... Bg4 {Schwarz provoziert den Zug 17.f3, denn er möchte ...f7-f5
ziehen, aber sofortiges 16...f5 wäre wegen der Öffnung der a8-h1-Diagonalen
nach 17.exf5 fehlerhaft.} 17. f3 Bc8 $6 {Schwarz möchte ...Bb7 spielen und auf
diese Weise das Feld d5 kontrollieren. Nach meiner Meinung dieser Plan ist
nicht natürlich und auch nicht gut.} (17... Bd7) 18. Bg5 Nxe2+ (18... f5 $2 19.
Nd5 $16) 19. Qxe2 Bb7 (19... f6 20. Be3 Be6 $5) 20. Bh3 {[%csl Gh3][%cal Gh3c8]
Dieser einst passive Laeufer steht jetzt ausgezeichnet auf der Diagonalen.} h6
21. Be3 Bc8 $6 {Der Läufers auf h3 war unangenehm für Schwarz und so möchte er
ihn abtauschen. Aber nach diesem Zug hat Schwarz keine Gegenchancen und muß in
passiver Stellung verharren.} (21... f5 $5 22. Qd2 $2 (22. f4 $2 exf4 {[%cal
Rg7c3]}) 22... f4 $15 23. gxf4 $2 exf4 24. Bxf4 Bxc3 $19) 22. Bxc8 Qxc8 23. Ra1
Qb7 24. Qb2 f5 {Schwarz hat etwas Initiative am Königsflügel, aber ohne
weißfeldrigen Läufer (wie auch aus der Königsindischen Verteidigung bekannt)
ist das weniger gefährlich.} 25. Rxa8 Rxa8 26. Ra1 Rf8 (26... Rxa1+ 27. Qxa1
Kf7 28. Qa6 Qc7 29. Na4 Nc8 30. Qa8 Ne7 $14) 27. Kg2 g5 (27... f4 $6 28. Bf2)
28. Bf2 h5 29. Qa2 {Wer ist schneller? Im Endspiel (ohne Damen) steht Weiß
deutlich besser wegen der vielen weißfeldrigen Schwächen im schwarzen Lager.
Außerdem beherrscht Weiß die a-Linie. Anderseits erscheinen die schwarzen
Angriffchancen am Königsflügel gefährlich.} Qd7 30. Qa7 Qe6 {Schwarz muß die
Damen auf dem Brett halten, aber am Königsflügel erreicht er nichts Besonderes,
denn die weiße Stellung ist fest.} (30... Qxa7 31. Rxa7 $16) 31. Qb7 $5 {
Die Besetzung der 7.Reihe ist wichtiger als den Bauern b6 mitzunehmen.} (31.
Qxb6 g4 (31... h4 32. Ra7 $2 Nc8 $17)) 31... h4 32. Ra7 {[%csl Ga7,Gb7][%cal
Ra7h7]} h3+ 33. Kf1 {Der schwarze h3-Bauer ist nicht gefährlich für Weiß.} (33.
Kxh3 $2 fxe4+ $17) 33... Rf7 34. Qd7 $16 {Der Damentausch verstärkt die weiße
Initiative, aber wenn Schwarz wie in der Partie nicht tauscht, steht die weiße
Dame viel aktiver als ihre schwarze Kollegin.} (34. Nd5 Nxd5 35. Qxf7+ Qxf7 36.
Rxf7 Kxf7 37. cxd5 (37. exd5 g4 $11) 37... f4 $11) 34... Qh6 35. Qe8+ Bf8 36.
Nd5 {[%csl Ga7,Gd5,Ge8,Rg8]} Qe6 (36... Nxd5 $2 37. Qxf7+ $18) 37. Rxe7 (37.
exf5 Qxf5 38. Nxe7+ Rxe7 39. Rxe7 Qxd3+ 40. Ke1 Qc3+ 41. Ke2 {und es gibt kein
ewiges Schach. Die Partiefortsetzung ist aber viel sicherer.}) (37. Nxe7+ Rxe7
38. Rxe7 Qxe7 39. Qg6+ $18 (39. Qxe7 Bxe7 40. exf5 {Mit Zugumstellung wir
haben die Partiefortsetzung.})) 37... Rxe7 38. Nxe7+ Qxe7 39. Qxe7 (39. Qg6+
$18 {[%csl Rf5]}) 39... Bxe7 40. exf5 {Weiß hat einen Bauern gewonnen und wir
haben ein typisches "guter gegen schlechter Läufer"-Endspiel, in dem der
schwarze Läufer in seiner Bewegungsfreiheit eingeschränkt ist.} Kf7 41. g4 d5 {
Schwarz gibt noch einen Bauern, aber der drohende Königsmarsch Ke2-Ke3-Ke4-Kd5
war gefährlich.} 42. Bg3 Bd6 (42... dxc4 43. dxc4 Bd6 44. Ke2 {[%cal Re2e3,
Re3e4,Re4d5]} Kf6 45. Ke3 $18 (45. Kd3 $2 e4+ {Das ist die einzige schwarze
Drohung.} 46. fxe4 Bxg3 $19)) 43. cxd5 Kf6 44. Ke2 Kf7 45. Ke3 Ke7 46. Ke4 {
[%csl Ge4,Gg3]} Kf6 47. Be1 Bb8 (47... Ke7 48. Bc3 Kf6 49. Bb2 $22 Bb8 50. d6
Bxd6 51. Kd5 $18 {und wegen der Fesselung kann Schwarz nicht ...e5-e4 ziehen.})
48. d6 $18 {Nach diesem Zug dringt der weiße König in den Damenflügel ein, was
das Ende des Kampfes bedeutet.} Bxd6 49. Kd5 Bb8 50. Bc3 {und Schwarz gab in
verlorener Stellung auf. Ribli.} (50. Bc3 Bc7 51. Kc6 Bb8 52. Kxb6 $18) 1-0

[Event "Groningen"]
[Site "Groningen"]
[Date "1994.??.??"]
[Round "9"]
[White "Hodgson, Julian M"]
[Black "Gulko, Boris F"]
[Result "1-0"]
[WhiteElo "2580"]
[BlackElo "2590"]
[Annotator "Ribli,Z"]
[PlyCount "59"]
[EventDate "1994.12.??"]
[EventType "tourn"]
[EventRounds "11"]
[EventCountry "NED"]
[EventCategory "15"]
[SourceTitle "CBM 045"]
[Source "ChessBase"]
[SourceDate "1995.04.01"]
[SourceVersion "1"]
[SourceVersionDate "1995.04.01"]
[SourceQuality "1"]

1. c4 c5 2. g3 g6 3. Bg2 Bg7 4. Nc3 Nc6 5. a3 e6 (5... a6 $5) (5... a5 $5 6.
Nf3 d6 7. O-O Nh6 $5 8. e3 O-O $10 {Lautier,J-Hjartarson,J/Munich/1993/CBM36/})
6. b4 (6. Rb1 a5 7. e4 Nge7 8. Nge2 O-O $10 {Bischoff,K-Stohl,I/Dortmund/1990/
CBM18/}) 6... Nxb4 (6... cxb4 7. axb4 Nxb4 8. Ba3 Bxc3 9. dxc3 $44 {Renet,
O-Yudasin,L/Ostende/1988/INF46,61/}) 7. axb4 cxb4 8. Nb5 (8. d4 bxc3 9. e3 Ne7
10. Ne2 O-O 11. Nxc3 Qc7 12. Qb3 $44 {Masculo,J-Gurevich,D/New York/1991/CBM23/
}) 8... Bxa1 9. Qa4 Be5 (9... Bf6 $1 10. d4 a6 11. Nd6+ Kf8 12. Nf3 Be7 13.
Qxb4 a5 $17 {Lobron,E-Kavalek,L/Bochum/1981/INF31,87/}) 10. Nf3 Bb8 11. Bb2 f6
12. h4 a5 $6 (12... h5 13. Qxb4 Nh6 $15) 13. h5 gxh5 (13... Nh6 14. Ng5 Nf7 15.
Ne4 e5 16. f4 $44) 14. Rxh5 Qe7 (14... Ra6 15. Ng5 $44) (14... Kf7 15. Qc2 $44)
15. Ng5 Ra6 16. Ne4 e5 17. c5 $1 $44 Kf8 18. Nbd6 Bxd6 19. Nxd6 Rxd6 (19... Qd8
20. d4 exd4 21. Bxd4 $44) (19... Ra8 20. d4 $44) 20. cxd6 Qxd6 21. d4 $1 exd4
22. Rd5 Qc7 23. Rxa5 Ne7 24. Qxb4 d6 (24... Kg7 25. Qxd4 $16) 25. Rb5 Kg7 (
25... Nc6 26. Qc4 Kg7 27. Bxd4 $16) 26. Qxd4 Rf8 27. g4 Qd7 28. Rh5 Kg8 (28...
Qxg4 29. Qxg4+ Bxg4 30. Rg5+ $18) 29. g5 Qg4 30. gxf6 {Ribli} (30. gxf6 Qxg2
31. fxe7 Re8 32. Qh8+ Kf7 33. Rxh7+ $18) (30. gxf6 Qxh5 31. fxe7 $18) 1-0